[Event "7eme open international de La Fere"]
[Site "La Fere (FRA)"]
[Date "2008.07.07"]
[Round "3.60"]
[White "Dernoncourt, Christophe"]
[Black "Siegfried, Francois"]
[Result "1-0"]
[WhiteElo "1590"]
[BlackElo "1280"]
[PlyCount "59"]
[EventDate "2008.??.??"]

1. e4 e5 2. Nf3 Nc6 3. Bc4 Bc5 4. c3 d6 5. h3 Nf6 6. d4 exd4 7. cxd4 Bb4+ 8.
Bd2 Nxe4 9. Bxb4 Nxb4 10. Qa4+ Bd7 11. Qxb4 b6 12. Bd5 a5 13. Qb3 Rb8 14. Bxe4
O-O 15. Qd3 h6 16. O-O Re8 17. Nc3 Qc8 18. Nh4 Rf8 19. Nd5 Qd8 20. Nf5 Bxf5 21.
Bxf5 g6 22. Qg3 g5 23. f4 f6 24. h4 Kh8 25. hxg5 fxg5 26. fxg5 Rg8 27. g6 Qg5
28. Qxg5 hxg5 29. Kf2 Rgf8 30. Rh1+ 1-0

[Event "7eme open international de La Fere"]
[Site "La Fere (FRA)"]
[Date "2008.07.07"]
[Round "4.2"]
[White "Gharamian, Tigran"]
[Black "Degraeve, Jean-Marc"]
[Result "1/2-1/2"]
[WhiteElo "2560"]
[BlackElo "2523"]
[PlyCount "53"]
[EventDate "2008.??.??"]

1. e4 e5 2. Nf3 Nf6 3. Nc3 Nc6 4. Bb5 Nd4 5. Nxd4 exd4 6. e5 dxc3 7. exf6 Qxf6
8. dxc3 Qe5+ 9. Qe2 Qxe2+ 10. Bxe2 d5 11. Bf4 c6 12. O-O-O Be6 13. Rd2 Bc5 14.
Bd3 O-O 15. Re1 Rfe8 16. Rde2 Bd7 17. Kd2 Rxe2+ 18. Rxe2 Re8 19. Rxe8+ Bxe8 20.
Be3 Bxe3+ 21. Kxe3 h6 22. Kd4 Kf8 23. c4 dxc4 24. Bxc4 Ke7 25. Ke5 Bd7 26. f4
f6+ 27. Kd4 1/2-1/2

[Event "7eme open international de La Fere"]
[Site "La Fere (FRA)"]
[Date "2008.07.07"]
[Round "4.3"]
[White "Ninov, Nikolai"]
[Black "Marzolo, Cyril"]
[Result "1-0"]
[WhiteElo "2515"]
[BlackElo "2487"]
[PlyCount "43"]
[EventDate "2008.??.??"]

1. e4 e5 2. Nf3 Nc6 3. Bc4 Nf6 4. Ng5 Bc5 5. Nxf7 Bxf2+ 6. Kf1 Qe7 7. Nxh8 d5
8. exd5 Nd4 9. d6 cxd6 10. Kxf2 d5 11. d3 dxc4 12. h3 cxd3 13. cxd3 Bd7 14. Re1
O-O-O 15. Kg1 Rxh8 16. Be3 Qd6 17. Nd2 Bc6 18. Nc4 Qd5 19. Qd2 b6 20. Rac1 Kb7
21. Bxd4 Qxd4+ 22. Qf2 1-0

[Event "7eme open international de La Fere"]
[Site "La Fere (FRA)"]
[Date "2008.07.07"]
[Round "4.4"]
[White "Wirig, Anthony"]
[Black "Gozzoli, Yannick"]
[Result "1/2-1/2"]
[WhiteElo "2456"]
[BlackElo "2502"]
[PlyCount "55"]
[EventDate "2008.??.??"]

1. d4 d5 2. c4 c6 3. Nf3 Nf6 4. e3 Bg4 5. Nc3 e6 6. h3 Bxf3 7. Qxf3 Nbd7 8. Bd3
Bb4 9. Bd2 O-O 10. a3 Ba5 11. O-O dxc4 12. Bxc4 e5 13. Rad1 exd4 14. exd4 Nb6
15. Ba2 Nbd5 16. Bg5 Qd6 17. Nxd5 Nxd5 18. Bh4 Qf4 19. Bxd5 Qxh4 20. Ba2 Rad8
21. d5 cxd5 22. Rxd5 Rxd5 23. Bxd5 b5 24. b4 Bb6 25. Re1 g6 26. Re2 Kg7 27. Kh1
Qf6 28. Qxf6+ 1/2-1/2

[Event "7eme open international de La Fere"]
[Site "La Fere (FRA)"]
[Date "2008.07.08"]
[Round "4.5"]
[White "Meijers, Viesturs"]
[Black "Piankov, Evgenij"]
[Result "1-0"]
[WhiteElo "2496"]
[BlackElo "2337"]
[PlyCount "99"]
[EventDate "2008.??.??"]

1. e4 g6 2. d4 Bg7 3. Nc3 c6 4. Be3 d5 5. Qd2 dxe4 6. Nxe4 Nd7 7. Ne2 Ngf6 8.
f3 Nxe4 9. fxe4 Nf6 10. e5 Nd5 11. Bh6 Bxh6 12. Qxh6 Be6 13. Qd2 f6 14. O-O-O
Qc7 15. c4 Nb6 16. Nf4 Bxc4 17. Bxc4 Nxc4 18. Qe2 Nb6 19. Ne6 Qd7 20. exf6 exf6
21. Nc7+ Kf7 22. Nxa8 Rxa8 23. Rhe1 Nd5 24. Qe4 Qd6 25. g3 a5 26. Re2 a4 27. a3
Rd8 28. Rde1 Qd7 29. g4 Qd6 30. Kb1 Rd7 31. Qe8+ Kg7 32. h4 Rf7 33. h5 Rf8 34.
Qe4 Rf7 35. hxg6 hxg6 36. Qe8 Qd7 37. Rh2 Qxe8 38. Rxe8 Re7 39. Rxe7+ Nxe7 40.
Kc2 g5 41. Kd3 f5 42. gxf5 Nxf5 43. Ke4 Kg6 44. Rc2 g4 45. Kf4 g3 46. Rd2 Kf6
47. d5 g2 48. Rxg2 cxd5 49. Rg5 Ne7 50. Rh5 1-0

[Event "7eme open international de La Fere"]
[Site "La Fere (FRA)"]
[Date "2008.07.07"]
[Round "4.6"]
[White "Riff, Jean-Noel"]
[Black "Afek, Yochanan"]
[Result "0-1"]
[WhiteElo "2481"]
[BlackElo "2321"]
[PlyCount "86"]
[EventDate "2008.??.??"]

1. e4 c5 2. Nf3 Nf6 3. Nc3 d5 4. exd5 Nxd5 5. Bb5+ Bd7 6. Ne5 Nf6 7. Nxd7 Nbxd7
8. d4 e6 9. Bg5 a6 10. Be2 Be7 11. O-O O-O 12. Bf3 cxd4 13. Qxd4 Qa5 14. Ne4
Rfd8 15. Qe3 Rac8 16. c3 Nd5 17. Qc1 Ne5 18. Be2 Qa4 19. Bxe7 Nxe7 20. Qf4 Qa5
21. Rfd1 N5g6 22. Qe3 Qc7 23. a4 h6 24. f4 Nc6 25. g3 Nce7 26. Rxd8+ Rxd8 27.
Rd1 Rxd1+ 28. Bxd1 e5 29. Qc5 Qd7 30. Qd6 Qf5 31. Qb8+ Kh7 32. Qxb7 exf4 33.
Bc2 Qe5 34. Qxa6 fxg3 35. Qe2 gxh2+ 36. Qxh2 Nf4 37. Kf1 g6 38. Qf2 Nf5 39. Qc5
Nd5 40. Ke1 Nfe3 41. Bd3 Qh2 42. c4 Qg1+ 43. Ke2 Qf1+ 0-1

[Event "7eme open international de La Fere"]
[Site "La Fere (FRA)"]
[Date "2008.07.07"]
[Round "4.7"]
[White "Chetverik, Maxim"]
[Black "Gaponenko, Inna"]
[Result "1/2-1/2"]
[WhiteElo "2321"]
[BlackElo "2468"]
[PlyCount "68"]
[EventDate "2008.??.??"]

1. d4 Nf6 2. c4 e6 3. Nf3 d5 4. g3 dxc4 5. Bg2 Nc6 6. Qa4 Bb4+ 7. Bd2 Bd6 8.
O-O O-O 9. Qxc4 e5 10. dxe5 Nxe5 11. Nxe5 Bxe5 12. Bc3 Qe7 13. Rd1 Bxc3 14.
Nxc3 c6 15. Rd2 Be6 16. Qa4 Rfd8 17. Rad1 Rxd2 18. Rxd2 Qc5 19. Qd4 Qxd4 20.
Rxd4 Rc8 21. e4 Kf8 22. f4 g6 23. e5 Nd7 24. Ne4 Ke7 25. Kf2 Rc7 26. a3 f6 27.
exf6+ Nxf6 28. Nc5 Bd5 29. Rd2 b6 30. Nd3 Ng4+ 31. Kg1 Kd6 32. Bh3 Nf6 33. Bg2
Ng4 34. Bh3 Nf6 1/2-1/2

[Event "7eme open international de La Fere"]
[Site "La Fere (FRA)"]
[Date "2008.07.07"]
[Round "4.10"]
[White "Lauridsen, Jesper Morch"]
[Black "Sundararajan, Kidambi"]
[Result "1/2-1/2"]
[WhiteElo "2262"]
[BlackElo "2446"]
[PlyCount "55"]
[EventDate "2008.??.??"]

1. e4 e5 2. Nf3 Nc6 3. Bb5 Nf6 4. O-O Nxe4 5. d4 Nd6 6. Bxc6 dxc6 7. dxe5 Nf5
8. Qxd8+ Kxd8 9. Rd1+ Ke8 10. Nc3 h6 11. h3 Be7 12. b3 b6 13. Bb2 Bb7 14. Rd3
a5 15. Re1 Rd8 16. Rxd8+ Kxd8 17. g4 Nh4 18. Nxh4 Bxh4 19. e6 fxe6 20. Nd1 h5
21. Rxe6 hxg4 22. hxg4 c5 23. Bxg7 Rg8 24. Rh6 Be7 25. Rh8 Rxh8 26. Bxh8 Bf3
27. Ne3 Bc6 28. Kf1 1/2-1/2

[Event "7eme open international de La Fere"]
[Site "La Fere (FRA)"]
[Date "2008.07.07"]
[Round "4.11"]
[White "Soyez, Cyril"]
[Black "Pytel, Krzysztof"]
[Result "0-1"]
[WhiteElo "2254"]
[BlackElo "2391"]
[PlyCount "78"]
[EventDate "2008.??.??"]

1. c4 e5 2. Nc3 Bb4 3. g3 Ne7 4. Bg2 Bxc3 5. bxc3 d6 6. Rb1 Nbc6 7. Nf3 O-O 8.
O-O Rb8 9. d3 f6 10. Ne1 Be6 11. Ba3 Qd7 12. Nc2 Bh3 13. Nb4 Bxg2 14. Kxg2 Nd8
15. Nd5 Ng6 16. e4 f5 17. c5 f4 18. cxd6 cxd6 19. f3 Nf7 20. g4 Rfe8 21. Kf2
Ne7 22. Nxe7+ Qxe7 23. Ke2 b6 24. Qa4 Rbc8 25. Rb3 Red8 26. Qa6 Rc7 27. Bb4 Qh4
28. Rf2 d5 29. exd5 Rxd5 30. c4 Rd8 31. Qb5 h5 32. gxh5 Qxh5 33. a4 Ng5 34. a5
Ne6 35. Bc3 Rc5 36. axb6 Rxb5 37. Rxb5 axb6 38. Rxe5 Qg6 39. Re4 Nc5 0-1

[Event "7eme open international de La Fere"]
[Site "La Fere (FRA)"]
[Date "2008.07.07"]
[Round "4.12"]
[White "Goldsztejn, Gildas"]
[Black "Nijs, Nils"]
[Result "0-1"]
[WhiteElo "2374"]
[BlackElo "2150"]
[PlyCount "136"]
[EventDate "2008.??.??"]

1. e4 c5 2. Nf3 d6 3. Nc3 Nc6 4. d4 cxd4 5. Nxd4 Nf6 6. Bg5 Bd7 7. Bxf6 gxf6 8.
Bc4 Qa5 9. Nb3 Qg5 10. g3 Rc8 11. f4 Qg6 12. Be2 f5 13. Bh5 Qh6 14. Qe2 Bg7 15.
O-O-O Bxc3 16. bxc3 fxe4 17. Bg4 f5 18. Bh5+ Kd8 19. Kb2 Kc7 20. Bf7 Be6 21.
Bxe6 Qxe6 22. Qb5 Kb8 23. Rhe1 Rhd8 24. c4 a6 25. Qa4 Rc7 26. Rd5 Qf6+ 27. c3
Rdc8 28. c5 dxc5 29. Nxc5 Na7 30. Qb4 a5 31. Qxa5 b6 32. Na6+ Kb7 33. Rxf5 bxa5
34. Rxf6 exf6 35. Nxc7 Kxc7 36. Rxe4 Kd6 37. f5 Kd7 38. Rh4 Rh8 39. Rh6 Ke7 40.
g4 Kf7 41. h4 Kg7 42. g5 Rf8 43. Rh5 Nc6 44. gxf6+ Rxf6 45. Rg5+ Kf7 46. Kb3 h6
47. Rg4 Rxf5 48. Rd4 Ne7 49. a4 Kg6 50. Re4 Nd5 51. Re6+ Kh5 52. c4 Nf6 53. c5
Nd7 54. Kc4 Nxc5 55. Rc6 Nxa4 56. Kd4 Nc5 57. Kc4 Nd7 58. Kd4 Nf6 59. Ke3 Kxh4
60. Rc1 Kg5 61. Rg1+ Ng4+ 62. Ke4 a4 63. Ra1 Ra5 64. Ra3 h5 65. Kf3 Ne5+ 66.
Kg2 Nc4 67. Rg3+ Kh6 68. Rc3 a3 0-1

[Event "7eme open international de La Fere"]
[Site "La Fere (FRA)"]
[Date "2008.07.07"]
[Round "4.14"]
[White "Ringoir, Tanguy"]
[Black "Haast, Mark"]
[Result "1-0"]
[WhiteElo "2321"]
[BlackElo "2089"]
[PlyCount "71"]
[EventDate "2008.??.??"]

1. e4 g6 2. Nc3 Bg7 3. f4 d6 4. Nf3 a6 5. g3 c5 6. Bg2 e6 7. d4 cxd4 8. Nxd4
Ne7 9. Be3 O-O 10. Qd2 Qc7 11. Rd1 Rd8 12. O-O Nbc6 13. Nxc6 bxc6 14. Bc5 Nd5
15. Bd4 Nxc3 16. Bxg7 Nxe4 17. Bxe4 Kxg7 18. Qc3+ f6 19. Qxc6 Qxc6 20. Bxc6 Rb8
21. b3 Bb7 22. Bxb7 Rxb7 23. Rd4 d5 24. c4 Rbd7 25. Rfd1 Kf7 26. cxd5 Rxd5 27.
Rxd5 exd5 28. Rc1 Ke6 29. Rc7 Rd7 30. Rxd7 Kxd7 31. Kf2 Kc6 32. Ke3 Kc5 33. a3
a5 34. g4 h5 35. f5 gxf5 36. gxh5 1-0

[Event "7eme open international de La Fere"]
[Site "La Fere (FRA)"]
[Date "2008.07.07"]
[Round "4.15"]
[White "Bensdorp, Marlies"]
[Black "Dutel, Francois"]
[Result "1-0"]
[WhiteElo "2284"]
[BlackElo "1871"]
[PlyCount "49"]
[EventDate "2008.??.??"]

1. d4 Nf6 2. c4 c5 3. d5 d6 4. Nc3 e6 5. e4 exd5 6. cxd5 a6 7. a4 g6 8. Bd3 Bg7
9. h3 Nbd7 10. Nf3 O-O 11. O-O Re8 12. Re1 Qc7 13. Bc4 Rb8 14. Bf4 Nh5 15. Bh2
Ne5 16. Be2 Nxf3+ 17. Bxf3 Be5 18. Bxh5 gxh5 19. Qxh5 b5 20. Qg5+ Kh8 21. Bxe5+
Rxe5 22. Qf6+ Kg8 23. f4 Re6 24. dxe6 Bxe6 25. Nd5 1-0

[Event "7eme open international de La Fere"]
[Site "La Fere (FRA)"]
[Date "2008.07.07"]
[Round "4.16"]
[White "Poulain, Andre"]
[Black "Houriez, Clement"]
[Result "0-1"]
[WhiteElo "1835"]
[BlackElo "2276"]
[PlyCount "72"]
[EventDate "2008.??.??"]

1. e4 c5 2. Nc3 d6 3. f4 Nc6 4. Nf3 g6 5. Bb5 Bd7 6. d3 Bg7 7. O-O Nd4 8. Bxd7+
Qxd7 9. Bd2 e6 10. Re1 Ne7 11. Rb1 O-O 12. Nxd4 cxd4 13. Ne2 Rac8 14. c3 dxc3
15. bxc3 Rc7 16. Qb3 Rfc8 17. Rec1 d5 18. e5 Nc6 19. d4 Na5 20. Qb5 Qxb5 21.
Rxb5 b6 22. Kf2 f6 23. Rbb1 Rc4 24. Rb4 Kf7 25. Rcb1 Ke7 26. Rxc4 Nxc4 27. Be1
fxe5 28. fxe5 Rf8+ 29. Kg1 Kd7 30. Bg3 Bh6 31. Bf2 Nd2 32. Rd1 Ne4 33. Bh4 Be3+
34. Kh1 Nf2+ 35. Bxf2 Rxf2 36. Nc1 Rc2 0-1

[Event "7eme open international de La Fere"]
[Site "La Fere (FRA)"]
[Date "2008.07.07"]
[Round "4.17"]
[White "Harnik, Cecilien"]
[Black "Vorobyov, Yrij"]
[Result "0-1"]
[WhiteElo "1871"]
[BlackElo "2247"]
[PlyCount "96"]
[EventDate "2008.??.??"]

1. e4 c5 2. Nf3 a6 3. d4 cxd4 4. Nxd4 Nf6 5. Bd3 e5 6. Nb3 d5 7. Nc3 Bb4 8.
exd5 Nxd5 9. Bd2 Nxc3 10. bxc3 Bd6 11. O-O Qh4 12. Re1 O-O 13. g3 Qg4 14. f3
Qh5 15. Be3 Nc6 16. g4 Qh4 17. Bf2 Qd8 18. Qe2 f5 19. h4 e4 20. Bc4+ Kh8 21. g5
exf3 22. Qxf3 Ne5 23. Qd5 Nxc4 24. Qxc4 f4 25. Rad1 Bg4 26. Rd4 Qb8 27. Qd5 Rd8
28. Nc5 f3 29. Qxb7 Bxc5 30. Rxd8+ Qxd8 31. Bxc5 Rb8 32. Qe4 Bh5 33. Bd4 Qd7
34. Kf2 Qh3 35. Bxg7+ Kg8 36. Qd5+ Bf7 37. Qxf3 Qxh4+ 38. Qg3 Qxg3+ 39. Kxg3
Kxg7 40. Kf4 Rc8 41. Re3 Bxa2 42. Rg3 Bb1 43. Ke5 Bxc2 44. Kd4 Bb3 45. Rg1 a5
46. Re1 a4 47. Re7+ Kg6 48. Ra7 Rc4+ 0-1

[Event "7eme open international de La Fere"]
[Site "La Fere (FRA)"]
[Date "2008.07.07"]
[Round "4.18"]
[White "Belloc, Sidonie"]
[Black "Cappon, John"]
[Result "0-1"]
[WhiteElo "1804"]
[BlackElo "2221"]
[PlyCount "64"]
[EventDate "2008.??.??"]

1. e4 c5 2. Nf3 e6 3. d4 cxd4 4. Nxd4 a6 5. Nc3 Qc7 6. Be2 b5 7. a3 Bb7 8. Be3
Nf6 9. f3 Nc6 10. Nxc6 Bxc6 11. Qd2 Bd6 12. g3 Be5 13. Rd1 O-O 14. Bc5 Rfc8 15.
Bd6 Bxd6 16. Qxd6 Qa7 17. Qd4 d5 18. exd5 Nxd5 19. Nxd5 Bxd5 20. Qxa7 Rxa7 21.
c3 Kf8 22. Kf2 Ke7 23. Rhe1 Rd7 24. Bd3 Bb3 25. Rd2 Rcd8 26. Ke3 f5 27. Ree2 g5
28. f4 h6 29. Bb1 Bd5 30. Kf2 Bc4 31. Rxd7+ Rxd7 32. Rc2 Rd1 0-1

[Event "7eme open international de La Fere"]
[Site "La Fere (FRA)"]
[Date "2008.07.07"]
[Round "4.19"]
[White "Vinckier, Delphine"]
[Black "Demanghon, Jonathan"]
[Result "0-1"]
[WhiteElo "1801"]
[BlackElo "2213"]
[PlyCount "70"]
[EventDate "2008.??.??"]

1. e4 e6 2. d4 d5 3. Nc3 Nf6 4. e5 Nfd7 5. f4 c5 6. Be3 Nc6 7. Nf3 cxd4 8. Nxd4
Bc5 9. Nxc6 bxc6 10. Bxc5 Nxc5 11. Qd4 Nd7 12. b4 a5 13. b5 c5 14. Qd2 O-O 15.
Be2 a4 16. O-O Nb6 17. Rfd1 f6 18. exf6 Qxf6 19. Rf1 Bb7 20. Rae1 d4 21. Nd1
Bd5 22. c3 a3 23. cxd4 Qxd4+ 24. Qxd4 cxd4 25. Bf3 Ra5 26. Bxd5 exd5 27. Re6
Rxb5 28. g3 Kf7 29. Rfe1 Nc4 30. Re7+ Kg6 31. Ra7 Rf7 32. Re6+ Rf6 33. Ree7 Rb1
34. Rxg7+ Kf5 35. Rg5+ Ke4 0-1

[Event "7eme open international de La Fere"]
[Site "La Fere (FRA)"]
[Date "2008.07.07"]
[Round "4.22"]
[White "Christophe, Jean-Francois"]
[Black "Feryn, Alexandre"]
[Result "0-1"]
[WhiteElo "1780"]
[BlackElo "1940"]
[PlyCount "110"]
[EventDate "2008.??.??"]

1. d4 Nf6 2. c4 g6 3. Nc3 Bg7 4. Bf4 O-O 5. e3 d6 6. Nf3 c6 7. Be2 Nbd7 8. e4
Nh5 9. Bg5 h6 10. Be3 e5 11. d5 c5 12. Nd2 Nf4 13. Bxf4 exf4 14. O-O Re8 15.
Qc2 Ne5 16. Nf3 g5 17. Nxe5 Bxe5 18. h3 Bd7 19. Qd3 Qf6 20. g4 fxg3 21. fxg3
Qg6 22. Qf3 Bxh3 23. g4 Bxf1 24. Rxf1 Bd4+ 25. Kh2 Re7 26. Bd3 Kg7 27. Kh1 Qf6
28. Qh3 Qe5 29. Rf5 Bxc3 30. Rxe5 Bxe5 31. b3 a5 32. a4 b6 33. Kg2 Rae8 34. Kf3
Kh7 35. Ke3 Bd4+ 36. Kf3 Be5 37. Ke3 Rg8 38. Qf3 Bf4+ 39. Kf2 Re5 40. Kg2 Rg6
41. Kh3 Rf6 42. Qf1 Kg7 43. Qe2 Bc1 44. Qd1 Be3 45. Qe2 Bd4 46. Qd1 Rf2 47. Kg3
Rb2 48. Kh3 Re8 49. Bc2 Be5 50. Qe2 Rg8 51. Kg2 Kf8 52. Qd3 Rg6 53. Kh1 Rf6 54.
Qe2 Bd4 55. Qh2 Rf1+ 0-1

[Event "7eme open international de La Fere"]
[Site "La Fere (FRA)"]
[Date "2008.07.07"]
[Round "4.23"]
[White "Dumas, Victor"]
[Black "Boudier, Eric"]
[Result "1/2-1/2"]
[WhiteElo "1756"]
[BlackElo "1898"]
[PlyCount "84"]
[EventDate "2008.??.??"]

1. e4 d5 2. exd5 Nf6 3. Nc3 Nxd5 4. Bc4 Nb6 5. Bb3 Nc6 6. d3 Bf5 7. Nf3 e6 8.
Bf4 Be7 9. O-O O-O 10. Re1 Bf6 11. Qd2 Re8 12. Rad1 Bg4 13. Qe3 Nd4 14. Kh1 c6
15. Rb1 Bxf3 16. gxf3 Nd5 17. Nxd5 exd5 18. Qxe8+ Qxe8 19. Rxe8+ Rxe8 20. Kg2
Nxb3 21. axb3 Bd4 22. Kf1 a6 23. c3 Bb6 24. Re1 Rxe1+ 25. Kxe1 f5 26. Ke2 Kf7
27. h3 Bd8 28. Ke3 g5 29. Bb8 Bb6+ 30. Ke2 f4 31. b4 Kg6 32. Bd6 Bd8 33. Bc5
Kf5 34. Bd6 Ke6 35. Bc5 b6 36. Bd4 b5 37. Bg7 a5 38. bxa5 Bxa5 39. b4 Bb6 40.
d4 Kf5 41. Be5 Bd8 42. Ke1 Be7 1/2-1/2

[Event "7eme open international de La Fere"]
[Site "La Fere (FRA)"]
[Date "2008.07.07"]
[Round "4.24"]
[White "Soveaux, Jean"]
[Black "Marchal, Chantal"]
[Result "1-0"]
[WhiteElo "1660"]
[BlackElo "1878"]
[PlyCount "79"]
[EventDate "2008.??.??"]

1. d4 Nf6 2. c4 g6 3. Nc3 Bg7 4. Nf3 d6 5. e3 O-O 6. Bd3 c6 7. h3 Qc7 8. Qc2 a5
9. a3 e5 10. O-O Na6 11. Re1 Bd7 12. Bd2 Rfe8 13. Rac1 Rac8 14. b3 Qb8 15. Ne4
Nxe4 16. Bxe4 f5 17. Bxf5 Bxf5 18. e4 Bd7 19. dxe5 dxe5 20. Bxa5 b6 21. Bc3 c5
22. Qd2 Bc6 23. Qg5 Rcd8 24. Re3 Qd6 25. h4 Qe7 26. Qg3 Rd6 27. Rc2 Nb8 28. Qh2
Rd1+ 29. Ne1 Nd7 30. h5 gxh5 31. Qxh5 Qf7 32. Qxd1 Nf6 33. f3 Nh5 34. Rd3 Bh6
35. Rd8 Be3+ 36. Rf2 Nf4 37. Bxe5 Bxf2+ 38. Kxf2 Ng6 39. Rxe8+ Qxe8 40. Bc7 1-0

[Event "7eme open international de La Fere"]
[Site "La Fere (FRA)"]
[Date "2008.07.07"]
[Round "4.25"]
[White "Konguvel, Ponnuswamy"]
[Black "Durot, Edwige"]
[Result "1-0"]
[WhiteElo "2415"]
[BlackElo "1793"]
[PlyCount "53"]
[EventDate "2008.??.??"]

1. e4 c5 2. Nf3 e6 3. d4 cxd4 4. Nxd4 a6 5. c4 Nf6 6. Nc3 d6 7. Be2 Nbd7 8. O-O
Nc5 9. f3 Be7 10. Be3 O-O 11. b4 Ncd7 12. a3 Qc7 13. Rc1 Ne5 14. Kh1 Nc6 15.
Nd5 Qd8 16. Nxc6 bxc6 17. Nxe7+ Qxe7 18. e5 Ne8 19. Rc2 f6 20. exd6 Qxd6 21.
Bc5 Qxd1 22. Rxd1 Rf7 23. Rd8 Bb7 24. Rxa8 Bxa8 25. Rd2 Rb7 26. Rd8 Kf7 27.
Rxa8 1-0

[Event "7eme open international de La Fere"]
[Site "La Fere (FRA)"]
[Date "2008.07.07"]
[Round "4.26"]
[White "Le Goff, Damien"]
[Black "Ringoir, Guy"]
[Result "1-0"]
[WhiteElo "2261"]
[BlackElo "1944"]
[PlyCount "61"]
[EventDate "2008.??.??"]

1. e4 c5 2. Nf3 d6 3. d4 cxd4 4. Nxd4 Nf6 5. Nc3 a6 6. Be2 e5 7. Nb3 Be7 8. Be3
Be6 9. Nd5 Bxd5 10. exd5 O-O 11. O-O Nbd7 12. f3 Rc8 13. c4 Nh5 14. Qd2 f5 15.
Na5 Qc7 16. Rfd1 Nhf6 17. b4 f4 18. Bf2 e4 19. Bd4 e3 20. Qb2 Ne8 21. Rac1 Bf6
22. Nb3 Nb6 23. Bxf6 Nxf6 24. Nd4 Qf7 25. Ne6 Rfe8 26. Qd4 Na8 27. Qxf4 Nc7 28.
Nxc7 Qxc7 29. Qd4 Re5 30. c5 Rxd5 31. Bc4 1-0

[Event "7eme open international de La Fere"]
[Site "La Fere (FRA)"]
[Date "2008.07.07"]
[Round "4.27"]
[White "Mulder, Bart-Piet"]
[Black "Daniel, Antoine"]
[Result "1-0"]
[WhiteElo "2219"]
[BlackElo "1770"]
[PlyCount "45"]
[EventDate "2008.??.??"]

1. e4 Nf6 2. e5 Nd5 3. d4 d6 4. c4 Nb6 5. Nf3 Nc6 6. exd6 cxd6 7. Be2 g6 8. O-O
Bg7 9. Nc3 O-O 10. Be3 Bf5 11. Rc1 Re8 12. b3 Rc8 13. d5 Ne5 14. Nd4 Ned7 15.
g4 Bxd4 16. Bxd4 e5 17. Be3 Bxg4 18. Bxg4 f5 19. Be2 f4 20. Bxb6 axb6 21. Bg4
Nf6 22. Bxc8 Qxc8 23. f3 1-0

[Event "7eme open international de La Fere"]
[Site "La Fere (FRA)"]
[Date "2008.07.07"]
[Round "4.28"]
[White "Molet, Asher"]
[Black "Videnova, Iva"]
[Result "1/2-1/2"]
[WhiteElo "1950"]
[BlackElo "2211"]
[PlyCount "126"]
[EventDate "2008.??.??"]

1. d4 g6 2. Nf3 Bg7 3. c4 c5 4. e4 cxd4 5. Nxd4 Nc6 6. Be3 Nf6 7. Nc3 d6 8. Be2
O-O 9. O-O Bd7 10. f3 Nxd4 11. Bxd4 Bc6 12. Qd2 Nd7 13. Bxg7 Kxg7 14. Rac1 a5
15. Rfd1 Qb6+ 16. Qd4+ Qxd4+ 17. Rxd4 Rfc8 18. Rdd1 Rc7 19. b3 Rac8 20. Nd5
Bxd5 21. Rxd5 Rc5 22. Rcd1 Rxd5 23. Rxd5 Rc5 24. Kf2 Rxd5 25. cxd5 f5 26. Ke3
fxe4 27. fxe4 Kf6 28. Kd4 Ne5 29. a3 g5 30. b4 axb4 31. axb4 g4 32. Ke3 Kg5 33.
g3 h5 34. Bd1 Kf6 35. Be2 Nf7 36. Kf4 Nh8 37. Ke3 Ke5 38. Bf1 Nf7 39. Bg2 Nh6
40. Bh1 e6 41. Bg2 exd5 42. exd5 Nf7 43. Kd3 b5 44. Kc3 Ng5 45. Kb3 Ne4 46. Kc2
Nf6 47. Kb3 Nxd5 48. Bf1 Nc7 49. Bd3 Ne6 50. Bg6 Ng7 51. Kc3 d5 52. Bd3 d4+ 53.
Kd2 Ne6 54. Bxb5 Ng5 55. Be8 Nf3+ 56. Kd3 Nxh2 57. Bxh5 Nf1 58. Bxg4 Nxg3 59.
Bf3 Nf5 60. b5 Kd6 61. b6 Ne7 62. Kxd4 Nc8 63. b7 Kc7 1/2-1/2

[Event "7eme open international de La Fere"]
[Site "La Fere (FRA)"]
[Date "2008.07.07"]
[Round "4.29"]
[White "Demeestere, Laurent"]
[Black "Delorme, Laurie"]
[Result "0-1"]
[WhiteElo "1941"]
[BlackElo "2155"]
[PlyCount "54"]
[EventDate "2008.??.??"]

1. e4 e5 2. Nf3 Nc6 3. d4 exd4 4. Nxd4 Nf6 5. Nxc6 bxc6 6. e5 Qe7 7. Qe2 Nd5 8.
c4 Ba6 9. b3 g5 10. Qe4 Bg7 11. Bb2 Nf4 12. Nd2 Ng6 13. Nf3 Qb4+ 14. Kd1 O-O-O
15. Kc2 Rhe8 16. Qe3 Kb8 17. Bc3 Qf8 18. Qxg5 d6 19. exd6 Bxc3 20. Kxc3 Qh8+
21. Nd4 Rxd6 22. Rd1 Re4 23. Qc5 Nf4 24. f3 Rdxd4 25. Rxd4 Ne6 26. Qb4+ Bb7 27.
c5 Rxd4 0-1

[Event "7eme open international de La Fere"]
[Site "La Fere (FRA)"]
[Date "2008.07.07"]
[Round "4.30"]
[White "Pijpers, Arthur"]
[Black "Regniez, Jeremy"]
[Result "1-0"]
[WhiteElo "2150"]
[BlackElo "1750"]
[PlyCount "39"]
[EventDate "2008.??.??"]

1. e4 e6 2. d4 a6 3. Nf3 b5 4. Bd3 Bb7 5. O-O c5 6. c3 Nf6 7. Re1 Be7 8. a4 b4
9. e5 Nd5 10. c4 Nb6 11. a5 Nc8 12. Nbd2 d6 13. exd6 Bxd6 14. d5 O-O 15. Ne4
exd5 16. Nxd6 Qxd6 17. Ng5 g6 18. Qg4 h6 19. Ne6 Kh7 20. Qh4 1-0

[Event "7eme open international de La Fere"]
[Site "La Fere (FRA)"]
[Date "2008.07.07"]
[Round "4.31"]
[White "Feryn, Benjamin"]
[Black "Thomas, Olivier"]
[Result "1/2-1/2"]
[WhiteElo "1918"]
[BlackElo "2105"]
[PlyCount "60"]
[EventDate "2008.??.??"]

1. e4 c5 2. Nf3 e6 3. d4 cxd4 4. Nxd4 Nf6 5. Nc3 Nc6 6. Be3 Bb4 7. Bd3 d5 8.
Nxc6 bxc6 9. e5 Nd7 10. Qg4 Bxc3+ 11. bxc3 g6 12. f4 Qa5 13. Bd2 Qb6 14. Qf3
Nc5 15. Qe3 Nxd3+ 16. cxd3 Ba6 17. Ke2 c5 18. Rhb1 Qc6 19. Qf3 O-O 20. Rf1 Rab8
21. Rab1 Rxb1 22. Rxb1 Qa4 23. Rb2 Qa3 24. Rc2 Rb8 25. Bc1 Qa4 26. Rd2 Rf8 27.
Rb2 f6 28. exf6 Rxf6 29. g3 Qd7 30. Qe3 Qd6 1/2-1/2

[Event "7eme open international de La Fere"]
[Site "La Fere (FRA)"]
[Date "2008.07.07"]
[Round "4.32"]
[White "Delboe, Charles"]
[Black "Haast, Anne"]
[Result "0-1"]
[WhiteElo "1884"]
[BlackElo "2041"]
[PlyCount "70"]
[EventDate "2008.??.??"]

1. e4 e5 2. Nf3 Nc6 3. d4 exd4 4. Bc4 Nf6 5. O-O Nxe4 6. Re1 d5 7. Bxd5 Qxd5 8.
Nc3 Qh5 9. Nxe4 Be6 10. Neg5 O-O-O 11. Nxe6 fxe6 12. Rxe6 Bd6 13. Qe2 d3 14.
cxd3 Nd4 15. Qe4 Nxe6 16. Qxe6+ Kb8 17. Be3 Rde8 18. Qc4 Rhf8 19. Re1 g5 20. h3
Qg6 21. Qa4 a6 22. Qd4 c5 23. Qd5 Rf5 24. Qc4 h5 25. d4 Rxf3 26. gxf3 g4 27.
fxg4 hxg4 28. hxg4 Qxg4+ 29. Kf1 Qf3 30. Rc1 Rxe3 31. Qg8+ Ka7 32. dxc5 Qe2+
33. Kg1 Re4 34. Qd5 Qg4+ 35. Kf1 Qh3+ 0-1

[Event "7eme open international de La Fere"]
[Site "La Fere (FRA)"]
[Date "2008.07.07"]
[Round "4.33"]
[White "Lecouteux, Guilhem"]
[Black "Gobeaut, Benjamin"]
[Result "1/2-1/2"]
[WhiteElo "2027"]
[BlackElo "1732"]
[PlyCount "128"]
[EventDate "2008.??.??"]

1. d4 d5 2. c4 e6 3. Nc3 Nf6 4. cxd5 exd5 5. Bg5 Be7 6. e3 Nbd7 7. Bd3 O-O 8.
Qc2 c6 9. Nge2 Re8 10. O-O Nf8 11. Rab1 Qc7 12. Bxf6 Bxf6 13. Nxd5 Qd6 14.
Nxf6+ Qxf6 15. Nf4 Be6 16. b4 Rac8 17. Nxe6 fxe6 18. f4 a6 19. Rf3 Rc7 20. b5
axb5 21. Rxb5 Ree7 22. Rb6 Rcd7 23. Qb3 Kh8 24. a4 Qh4 25. Qb1 g6 26. a5 Rc7
27. Qb4 Qf6 28. a6 bxa6 29. Rxa6 Re8 30. Qd6 Rec8 31. Ra5 Rd7 32. Qa3 Rd5 33.
Be4 Rxa5 34. Qxa5 Qe7 35. Rf1 c5 36. Rc1 Nd7 37. Qa7 Qd6 38. Qb7 Rc7 39. Qa8+
Kg7 40. Qa3 Qb6 41. Qc3 Kg8 42. Qc4 Kg7 43. dxc5 Qxc5 44. Qxc5 Rxc5 45. Rd1 Nf6
46. Bf3 e5 47. g3 e4 48. Bg2 Rc3 49. Re1 Ng4 50. h3 Rxe3 51. Rxe3 Nxe3 52. Bxe4
Nc4 53. Kf2 h5 54. Ke2 Kf6 55. h4 Nd6 56. Bd3 Nc8 57. Ke3 Ne7 58. Be4 Ng8 59.
Kf3 Ne7 60. g4 hxg4+ 61. Kxg4 Ng8 62. h5 gxh5+ 63. Kxh5 Ne7 64. Kh6 Ng8+
1/2-1/2